000 004370000a22001690004500
003 MACL
005 20151231114247.0
008 151231b xxu||||| |||| 00| 0 eng d
040 _aMACL
_cMACL
041 _aEnglish
082 _a296/BAR
100 _aBaron, David
_925426
245 _aThe Ancient Scriptures and The Modern Jew
260 _bHodder and Stoughton Ltd
_aLondon
650 _aReligion
_925427
942 _cBK
_k296/BAR
_2ddc
999 _c37871
_d37871